00853nam a2200253Ia 4500001000900000003000500009005001700014008004100031010001100072040000900083082001400092100003500106245007800141260002700219300001100246650003600257650001700293901001400310902000600324905006300330942001500393999001900408952017200427dia_2584CHAP20251023164306.0220117s1991 xx 000 0 und d a173102 cCHAP a663.2 M33 aMadrid Vicente, Antonio969710 aTecnología del Vino y Bebidas Derivadas /c por Antonio Madrid Vicente aMadrid :b S.N.,c1991 a296 p. a1.Vinoxelaboración/ 9153179 aViticultura. a663.2 M33 aM a0000001991 MADA 0000000000ESP00 cLIBRO2ddc c173102d173102 00102ddc4051708GRALaIA_bIA_d1993-05-19eCompra Librería patena f. 7285 / (19-05-93)f1g194.00i167078l0o663.2 M33pdia_3642r2022-01-18 00:00:00t1yLIBRO